[Event "Barbera op"]
[Site "Barbera"]
[Date "1996.??.??"]
[Round "4"]
[White "Arencibia, Walter"]
[Black "Zvjaginsev, Vadim"]
[Result "0-1"]
[WhiteElo "2555"]
[BlackElo "2590"]

1.d4 Nf6 2.Nf3 d5 3.c4 e6 4.Nc3 c6 5.e3 Nbd7 6.Qc2 Bd6 7.Bd3 O-O 8.O-O dxc4
9.Bxc4 b5 10.Bd3 Bb7 11.Ng5 h6 12.Nge4 Nxe4 13.Nxe4 Be7 14.Rd1 Qb6 15.Qe2 a6
16.b3 f5 17.Ng3 c5 18.d5 Bxd5 19.Bxf5 exf5 20.Rxd5 Qe6 21.Rd1 Bf6 22.Rb1 Ra7
23.Bb2 Bxb2 24.Rxb2 Ne5 25.Rbd2 c4 26.Rd6 Qe7 27.bxc4 Nxc4 28.R6d5 Qe6 29.Qd3 Raf7
30.Ne2 Qe4 31.Qxe4 fxe4 32.Nf4 Kh7 33.h4 Nb2 34.R1d2 Nd3 35.Nxd3 exd3 36.R2xd3 Rc8
37.Rd6 Rc1+ 38.Kh2 Rc4 39.Kh3 Rf6 40.Rxf6 gxf6 41.h5 f5 42.Rd5 Kg7 43.g4 Rc2
44.Rxf5 Rxa2 45.g5 b4 46.g6 b3 47.f4 Ra5 48.Rf7+ Kg8 49.Ra7 b2 50.Ra8+ Kg7
51.Ra7+ Kf8 52.Ra8+ Ke7 53.g7 b1=Q 54.Re8+ Kf6 55.g8=Q Rxh5+ 56.Kg4 Qd1+
57.Kg3 Qg1+ 58.Kf3 Rh3+ 59.Ke4 Qxe3+ 60.Kd5 Qb3+ 61.Kd4 Rd3+  0-1

[Event "Foment Martinenc op"]
[Site "Barcelona"]
[Date "1996.??.??"]
[Round "4"]
[White "Gomez Jurado, Luis Alberto"]
[Black "Korneev, Oleg"]
[Result "0-1"]
[WhiteElo "2300"]
[BlackElo "2565"]

1.d4 d5 2.Nf3 Nf6 3.c4 e6 4.Nc3 c6 5.e3 Nbd7 6.Qc2 Bd6 7.g4 Bb4 8.Bd2 Qe7
9.g5 Bxc3 10.Bxc3 Ne4 11.h4 b6 12.Bd3 Nxc3 13.Qxc3 Bb7 14.cxd5 exd5 15.O-O-O O-O-O
16.Kb1 Kb8 17.Ka1 f6 18.Bf5 c5 19.Bxd7 Rxd7 20.gxf6 gxf6 21.Ne1 Rc7 22.Ng2 cxd4
23.Qxd4 Rc4 24.Qd3 Rhc8 25.Nf4 d4 26.Rhg1 Bf3 27.Rde1 Be4 28.Qd2 d3 29.Nxd3 Qd6
30.Rd1  0-1

[Event "Regionalliga SW9596"]
[Site "Bayern"]
[Date "1996.??.??"]
[Round "?"]
[White "Schlinkmeier, Karsten"]
[Black "Gergen, Harald"]
[Result "1-0"]
[WhiteElo "2095"]
[BlackElo "1955"]

1.d4 d5 2.Nf3 Nf6 3.c4 c6 4.Nc3 e6 5.e3 Nbd7 6.Qc2 Bd6 7.b3 O-O 8.Bb2 Qe7
9.Be2 dxc4 10.bxc4 e5 11.O-O e4 12.Nd2 Re8 13.Rfd1 Nf8 14.Rac1 Bf5 15.Nf1 Rad8
16.Ng3 Bg6 17.Qa4 h5 18.Qxa7 h4 19.Nf1 Ra8 20.Qb6 Bb4 21.a3 Bxa3 22.Bxa3 Rxa3
23.Qb2 Rea8 24.Nd2 Ne6 25.c5 h3 26.Nc4 R3a7 27.Nb6 Rd8 28.g3 Nc7 29.Ra1 Rxa1
30.Rxa1 Ncd5 31.Ncxd5 Nxd5 32.Bg4 f5 33.Bxh3 Nxb6 34.Qxb6 Rd7 35.Ra7 Kh7
36.Qb1 Qf7 37.Bf1 Qe7 38.Bc4 Bf7 39.Bxf7 Qxf7 40.Qa2 Qh5 41.Qb3 Qf3 42.Ra8 Re7
43.Ra1 Qe2 44.Qd1 Qxd1+ 45.Rxd1 Kg6 46.Kg2 Rd7 47.Ra1 Kf6 48.Ra8 g6 49.g4 Rh7
50.Kg3 Rf7 51.Re8 Rh7 52.h4 Rg7 53.Re5 Rh7 54.h5 fxg4 55.hxg6 Rh3+ 56.Kxg4 Rf3
57.Rxe4 Rxf2 58.Rf4+  1-0

[Event "Regionalliga SW9596"]
[Site "Bayern"]
[Date "1996.??.??"]
[Round "?"]
[White "Buchweitz, Joerg"]
[Black "Silberhorn, Helmut"]
[Result "1-0"]
[WhiteElo "2075"]
[BlackElo "1995"]

1.d4 d5 2.Nf3 Nf6 3.e3 c6 4.c4 e6 5.Nc3 Nbd7 6.Bd3 Bd6 7.O-O O-O 8.e4 dxe4
9.Nxe4 Nxe4 10.Bxe4 h6 11.b3 Nf6 12.Bc2 b6 13.Bb2 Bb7 14.Qd3 Re8 15.Rad1 Qe7
16.Rfe1 Bb4 17.Bc3 Bxc3 18.Qxc3 Qc7 19.Ne5 Rad8 20.b4 c5 21.dxc5 bxc5 22.b5 Rxd1
23.Rxd1 Rd8 24.Re1 Rd4 25.f3 Nd7 26.Nxd7 Qxd7 27.Re2 Qd6 28.a4 g6 29.a5 a6
30.b6 e5 31.Be4 Bxe4 32.Rxe4 Rd1+ 33.Kf2 f6 34.Re2 Kf7 35.b7 Rb1 36.Rb2 Qd1
37.b8=Q Rc1 38.Rb7+  1-0

[Event "Regionalliga SO9596"]
[Site "Bayern"]
[Date "1996.??.??"]
[Round "?"]
[White "Zimmermann, Marianne"]
[Black "Schneider, Roland"]
[Result "1/2-1/2"]
[WhiteElo "1675"]
[BlackElo "1885"]

1.c4 e6 2.Nf3 d5 3.d4 c6 4.e3 Nf6 5.Nc3 Nbd7 6.Be2 Be7 7.O-O O-O 8.Nd2 b6
9.a3 Bb7 10.b4 Rc8 11.Bb2 Re8 12.Rc1 Nf8 13.Qb3 Ng6 14.Nf3 Bf8 15.Rc2 Bd6
16.Rfc1 Bb8 17.cxd5 exd5 18.Na4 a6 19.Bd3 Ne4 20.Nc3 Nh4 21.Be2 Qf6 22.Nxe4 dxe4
23.Nxh4 Qxh4 24.h3 Qe7 25.a4 Qd6 26.g3 Qh6 27.Bg4 Rcd8 28.b5 cxb5 29.axb5 Bd5
30.Qa4 a5 31.Kh2 Qg5 32.Rc3 h5 33.Be2 h4 34.Rg1 Qf5 35.Rg2 Be6  1/2-1/2

[Event "Regionalliga SO9596"]
[Site "Bayern"]
[Date "1996.??.??"]
[Round "?"]
[White "Riediger, Martin"]
[Black "Zenker, Ulrich"]
[Result "0-1"]
[WhiteElo "2210"]
[BlackElo "2215"]

1.Nf3 Nf6 2.c4 e6 3.Nc3 d5 4.d4 c6 5.e3 Bd6 6.Bd3 Nbd7 7.O-O O-O 8.e4 Nxe4
9.Nxe4 dxe4 10.Bxe4 e5 11.Bc2 exd4 12.Qxd4 Bc5 13.Qe4 f5 14.Qe6+ Kh8 15.b3 Nf6
16.Qe5 Qb6 17.Bb2 Bd7 18.Rad1 Rae8 19.Qf4 Bc8 20.Ne5 Kg8 21.Qg5 Re7 22.Rd2 Ne4
23.Bxe4 fxe4 24.Bd4 e3 25.fxe3 Rxf1+ 26.Kxf1 Qa5 27.Rf2 Be6 28.Ng6 hxg6 29.Bxc5 Rf7
30.Qd8+ Qxd8  0-1

[Event "Regionalliga SO9596"]
[Site "Bayern"]
[Date "1996.??.??"]
[Round "?"]
[White "Marian, Marc"]
[Black "Velicka, Petr"]
[Result "1/2-1/2"]
[WhiteElo "2050"]
[BlackElo "2400"]

1.d4 d5 2.c4 c6 3.Nc3 Nf6 4.e3 e6 5.Nf3 Nbd7 6.Bd3 Bd6 7.O-O O-O 8.Re1 dxc4
9.Bxc4 e5 10.e4 exd4 11.Nxd4 Nb6 12.Bb3 Bc5  1/2-1/2

[Event "Regionalliga SO9596"]
[Site "Bayern"]
[Date "1996.??.??"]
[Round "?"]
[White "Gibis, Reinhard"]
[Black "Schnabel, Hans"]
[Result "1-0"]
[WhiteElo "2030"]
[BlackElo "1965"]

1.d4 d5 2.c4 e6 3.Nf3 c6 4.e3 Nf6 5.Nc3 Nbd7 6.Be2 Bd6 7.O-O O-O 8.Qc2 dxc4
9.Bxc4 e5 10.Rd1 exd4 11.exd4 Nb6 12.Be2 h6 13.Ne5 Be6 14.Bf4 Nfd5 15.Bg3 Qe7
16.Bf3 Rad8 17.Ne4 Bb8 18.Nc5 Bxe5 19.Bxe5 Bc8 20.Re1 Qg5 21.g3 h5 22.h4 Qh6
23.Bb8 Bg4 24.Bxg4 Rxb8 25.Bf3 Rfd8 26.Re5 g6 27.Rae1 Qg7 28.Bxh5 gxh5 29.Rg5 Nf6
30.Rxg7+ Kxg7 31.Re7 Rxd4 32.Ne6+  1-0

[Event "Regionalliga NW9596"]
[Site "Bayern"]
[Date "1996.??.??"]
[Round "?"]
[White "Cech, Pavel"]
[Black "Reis, Thomas"]
[Result "0-1"]
[WhiteElo "2375"]
[BlackElo "2080"]

1.Nf3 Nf6 2.c4 e6 3.d4 d5 4.Nc3 c6 5.e3 Nbd7 6.Bd3 dxc4 7.Bxc4 b5 8.Bd3 a6
9.e4 c5 10.d5 c4 11.Bc2 e5 12.O-O Bc5 13.b3 cxb3 14.axb3 Rb8 15.Ne2 O-O 16.Bd2 Ne8
17.Nc1 f6 18.Nd3 Bb6 19.Nb4 Ra8 20.Nc6 Qc7 21.Bb4 Bc5 22.Bxc5 Nxc5 23.b4 Nb7
24.Bd3 Qb6 25.Qe2 Ned6 26.Nd2 Bd7 27.Rfc1 a5 28.Qh5 Kh8 29.Ne7 Rfe8 30.Nc6 axb4
31.Rab1 Rec8 32.Nxb4 Rxc1+ 33.Rxc1 Qd4 34.Rb1 Ra4 35.Nf3 Qc3 36.Nc6 Qxd3
37.Rf1 Qxe4 38.Ncxe5 fxe5 39.Nxe5 Qf5 40.Qe2 Re4 41.Qa2 Rxe5  0-1

[Event "Regionalliga NW9697"]
[Site "Bayern"]
[Date "1996.??.??"]
[Round "?"]
[White "Lippert, Frank"]
[Black "Jahrsdoerfer, Gerd"]
[Result "1/2-1/2"]
[WhiteElo "2055"]
[BlackElo "2075"]

1.d4 d5 2.Nf3 Nf6 3.c4 c6 4.Nc3 e6 5.e3 Nbd7 6.Qc2 Bd6 7.Bd3 Qe7 8.O-O dxc4
9.Bxc4 e5 10.h3 O-O 11.Rd1 b5 12.Bd3 Bb7 13.e4 Rfe8 14.Ne2 Rad8 15.Bg5 h6
16.Bh4 g5 17.Bg3 Nh5 18.dxe5 Nxe5 19.Bxe5 Bxe5 20.Nxe5 Qxe5 21.Qc3  1/2-1/2

[Event "Regionalliga SW9697"]
[Site "Bayern"]
[Date "1996.??.??"]
[Round "?"]
[White "Altmann, Christoph"]
[Black "Schlinkmeier, Karsten"]
[Result "1/2-1/2"]
[WhiteElo "2030"]
[BlackElo "2105"]

1.d4 d5 2.c4 c6 3.e3 Nf6 4.Nc3 e6 5.Nf3 Nbd7 6.Bd3 Bd6 7.e4 dxe4 8.Nxe4 Nxe4
9.Bxe4 Qc7 10.c5 Be7 11.O-O O-O 12.Re1 h6 13.Bc2 Rd8 14.Qd3 Nf6 15.Ne5 Bxc5
16.Qg3 Bxd4 17.Bxh6 Ng4 18.Qxg4 Bxe5 19.Bg5 f6 20.Be3 f5 21.Qc4 b5 22.Qb3 a5
23.Bc5 Bxh2+ 24.Kh1 Bd6 25.Bxd6 Rxd6 26.Bxf5 Qf7 27.Qg3 Rd4 28.Bh3 Qf4 29.Qg6 Qf7
30.Qg3 Qf4 31.Qg6 Qf7 32.Qg3  1/2-1/2

[Event "Regionalliga SW9697"]
[Site "Bayern"]
[Date "1996.??.??"]
[Round "?"]
[White "Buchweitz, Joerg"]
[Black "Schlinkmeier, Karsten"]
[Result "0-1"]
[WhiteElo "2115"]
[BlackElo "2105"]

1.d4 Nf6 2.Nf3 d5 3.e3 c6 4.c4 e6 5.Nc3 Nbd7 6.Bd3 Bd6 7.O-O O-O 8.e4 dxe4
9.Nxe4 Nxe4 10.Bxe4 h6 11.b3 Qe7 12.Bb2 Nf6 13.Bc2 Rd8 14.Qe2 b6 15.Ne5 Bb7
16.a4 c5 17.a5 bxa5 18.dxc5 Bxc5 19.Nd3 Bd6 20.Bc3 Bb4 21.Qe1 Bxc3 22.Qxc3 Ne4
23.Qxa5 Rd6 24.Nc5 Nxc5 25.Qxc5 a6 26.Qe3 Rad8 27.b4 Rd4 28.Qc3 Qg5 29.g3 Qg4
30.f3 Rxc4  0-1

[Event "Regionalliga SW9697"]
[Site "Bayern"]
[Date "1996.??.??"]
[Round "?"]
[White "Schoenbauer, Max"]
[Black "Utpadel, Daniel"]
[Result "1/2-1/2"]
[WhiteElo "2000"]
[BlackElo "1740"]

1.d4 d5 2.Nf3 Nf6 3.e3 c6 4.c4 e6 5.Nc3 Nbd7 6.cxd5 exd5 7.Bd3 Bd6 8.O-O O-O
9.b3 Re8 10.Qc2 Nf8 11.Bb2 Qe7 12.Bf5 Ng6 13.Bxc8 Raxc8 14.Qf5 Ne4 15.Nxe4 dxe4
16.Nd2 Nh4 17.Qh3 Rcd8 18.Nc4 Bc7 19.Rad1 Qg5 20.Kh1 Re6 21.f4 exf3 22.gxf3 Rh6
23.Ne5 Nf5 24.Qg4 Qh5 25.Qxh5 Rxh5 26.Rfe1 Nxe3 27.Rxe3 Bxe5 28.Re2 Bf6 29.Rde1 g6
30.Re8+ Rxe8 31.Rxe8+ Kg7 32.Rb8 b6 33.Rb7 Rd5 34.Rxa7 c5 35.Ba3 cxd4 36.Ra8 Kh6
37.Bc1+ Kh5 38.Ra7 g5 39.Rxf7 Kg6 40.Rc7 b5 41.Kg2 h6 42.Bd2  1/2-1/2

[Event "Oberliga Bayern9697"]
[Site "Bayern"]
[Date "1996.??.??"]
[Round "?"]
[White "Gruenberg, Hans Ulrich"]
[Black "Grundherr, Martin"]
[Result "1-0"]
[WhiteElo "2440"]
[BlackElo "2335"]

1.d4 c6 2.c4 d5 3.Nc3 Nf6 4.e3 e6 5.Nf3 Nbd7 6.Bd3 Bd6 7.O-O O-O 8.e4 dxe4
9.Nxe4 Nxe4 10.Bxe4 e5 11.Qc2 h6 12.Be3 exd4 13.Bh7+ Kh8 14.Bxd4 Nc5 15.Rad1 Qc7
16.Bf5 Ne6 17.Bc3 c5 18.Rfe1 Rd8 19.Qe4 Nf8 20.Rd5 Bxf5 21.Qxf5 Re8 22.Red1 Re6
23.Ne5 Bxe5 24.Bxe5 Rae8 25.Bc3 b6 26.g3 Kg8 27.h4 Qc8 28.Kg2 Re4 29.Qxc8 Rxc8
30.b3 Re2 31.R1d2 Rxd2 32.Rxd2 f6 33.h5 Kf7 34.f4 Re8 35.Kf2 Ne6 36.Kf3 Rd8
37.Ke4 Rxd2 38.Bxd2 Nd4 39.Kd5 Ke7 40.g4 Kd7 41.Ke4 Nc6 42.g5 Ne7 43.gxh6 gxh6
44.f5 Ng8 45.b4 cxb4 46.Bxb4 a5 47.Bf8  1-0

[Event "Beersheba"]
[Site "Beersheba"]
[Date "1996.??.??"]
[Round "8"]
[White "Greenfeld, Alon"]
[Black "Bykhovsky, Avigdor"]
[Result "1/2-1/2"]
[WhiteElo "2560"]
[BlackElo "2405"]

1.d4 d5 2.c4 c6 3.Nc3 Nf6 4.e3 e6 5.Nf3 Nbd7 6.Bd3 dxc4 7.Bxc4 b5 8.Bd3 Bb7
9.O-O a6 10.e4 c5 11.d5 c4 12.dxe6 fxe6 13.Bc2 Qc7 14.Ng5 Nc5 15.e5 Qxe5
16.Re1 Qd6 17.Qxd6 Bxd6 18.Be3 O-O 19.Rad1 Be7 20.Bxc5 Bxc5 21.Nxe6 Rfc8
22.h3 Rab8 23.g4 Bf3 24.Rd2 Re8 25.Bd1 Bxd1 26.Rdxd1 Rbc8 27.g5 Nh5 28.Nd5 Bd6
29.Rd4 Rc6 30.Rde4 Rb8 31.h4 b4 32.Rc1 Re8 33.Kf1 Bf8 34.Rce1 c3 35.bxc3 bxc3
36.Nd4 Rxe4 37.Nxc6 Rxh4 38.Ke2 Re4+ 39.Ne3 Nf4+ 40.Kf3 Nd3 41.Kxe4 Nxe1
42.Nd4 Bc5 43.Nb3 Ba7 44.f4 c2 45.f5 Bb6 46.Nd5 Bc5 47.Nf4 Ba3 48.Ne2 Be7
49.f6 gxf6 50.gxf6 Bxf6 51.Nc5 a5 52.Nd3 Ng2 53.Kf3 Nh4+ 54.Kg4 h5+ 55.Kxh5 Nf3
56.Ndc1 Bb2 57.Nd3 Nd4 58.Nec1 Bc3 59.Kg5 Bd2+ 60.Kf6 Kf8 61.a3 a4 62.Na2 Ne2
63.Ke5 Nc3 64.Nxc3 Bxc3+ 65.Kd5 Ke7 66.Kc4 Bd2 67.Kb5  1/2-1/2

[Event "Benasque op"]
[Site "Benasque"]
[Date "1996.??.??"]
[Round "3"]
[White "Rodriguez Vargas, Orestes"]
[Black "Komarov, Dimitri"]
[Result "1-0"]
[WhiteElo "2415"]
[BlackElo "2595"]

1.d4 d5 2.c4 c6 3.Nc3 Nf6 4.e3 e6 5.Nf3 Nbd7 6.Qc2 Bd6 7.Be2 O-O 8.O-O Qe7
9.h3 Re8 10.Rd1 b6 11.e4 Nxe4 12.Nxe4 dxe4 13.Qxe4 Bb7 14.Ne5 Nf6 15.Qh4 Qc7
16.Bg5 Bxe5 17.dxe5 Qxe5 18.Bxf6 gxf6 19.Rd7 Qxe2 20.Qxf6 Qh5 21.Rxb7 Qg6
22.Qh4 Kh8 23.Rd1 Rg8 24.g3 c5 25.Qf4 Rg7 26.Kg2 f6 27.Rdd7 Rxd7 28.Rxd7 e5
29.Qf3 e4 30.Qf4 Re8 31.h4 e3 32.fxe3 Qe4+ 33.Qf3 Re7 34.Qxe4 Rxe4 35.b3 Rxe3
36.Rxa7 Kg8 37.h5 f5 38.Ra6 Re6 39.Ra7 Re3 40.Rb7 Re2+ 41.Kf3 Rxa2 42.Rxb6 Kg7
43.Kf4 Rf2+ 44.Kg5 Rf3 45.Rb7+ Kf8 46.Kf6 Ke8 47.Rxh7 Rxg3 48.h6 Rh3 49.Kxf5 Kf8
50.Rb7 Rxh6 51.Ke5 Ke8 52.Kd5 Rh5+ 53.Kd6 Rg5 54.Rb8+ Kf7 55.Rb5 Ke8 56.Rxc5 Rg6+
57.Kc7 Rg7+ 58.Kc8 Rg3 59.b4 Ke7 60.Kc7  1-0

[Event "Benasque op"]
[Site "Benasque"]
[Date "1996.??.??"]
[Round "6"]
[White "Gallego, Victoriano"]
[Black "Antunes, Antonio"]
[Result "0-1"]
[WhiteElo "2395"]
[BlackElo "2540"]

1.d4 d5 2.c4 c6 3.Nf3 Nf6 4.Nc3 e6 5.e3 Nbd7 6.Qc2 Bd6 7.Bd3 O-O 8.Bd2 dxc4
9.Bxc4 c5 10.O-O a6 11.a4 b6 12.dxc5 Bxc5 13.Ne4 Bb7 14.Nxc5 Nxc5 15.Bb4 Qc7
16.h3 Rfc8 17.Rfc1 Nfe4 18.a5 b5 19.Bd3 Qd8 20.Bxe4 Bxe4 21.Qd2 Nb3  0-1

[Event "DVM U20"]
[Site "Berlin"]
[Date "1996.??.??"]
[Round "2"]
[White "Kitte, Sebastian"]
[Black "Koenig, Falk"]
[Result "1-0"]
[WhiteElo "2305"]
[BlackElo "2190"]

1.d4 d5 2.c4 c6 3.Nc3 Nf6 4.e3 e6 5.Nf3 Nbd7 6.Qc2 Bd6 7.g4 dxc4 8.Bxc4 Nd5
9.Ne4 Bb4+ 10.Bd2 Bxd2+ 11.Qxd2 Qe7 12.O-O-O b6 13.Ng3 Bb7 14.e4 Nc7 15.Kb1 O-O-O
16.Rhe1 Qf6 17.Qe3 g6 18.e5 Qe7 19.Ne4 Nd5 20.Bxd5 exd5 21.Nd6+ Kb8 22.Ng5 f6
23.Ngf7 fxe5 24.dxe5 Rhf8 25.Nxd8 Rxd8 26.Nxb7 Kxb7 27.f4 Nc5 28.f5 Ne4 29.e6 Qh4
30.Qd4 Nf6 31.fxg6 hxg6 32.Rf1 Ne8 33.Rf7+ Ka6  1-0

[Event "Berliner Sommer"]
[Site "Berlin"]
[Date "1996.??.??"]
[Round "2"]
[White "Dydyshko, Viacheslav"]
[Black "Jaeckle, Marco"]
[Result "1-0"]
[WhiteElo "2545"]
[BlackElo "2280"]

1.d4 d5 2.c4 e6 3.Nc3 c6 4.e3 Nf6 5.Nf3 Nbd7 6.Qc2 Bd6 7.b3 Qe7 8.Be2 O-O
9.O-O a6 10.Bb2 dxc4 11.bxc4 e5 12.a4 Re8 13.Rfe1 e4 14.Nd2 Nf8 15.Qb3 Bg4
16.Ba3 Bxe2 17.Bxd6 Qxd6 18.c5 Qc7 19.Nxe2 Ng4 20.Ng3 h5 21.h3 Nf6 22.Nf5 Re6
23.Reb1 Rb8 24.a5 Nd5 25.Nd6 Qe7 26.Qc2 f5 27.Nxf5 Qg5 28.Nd6 Rg6 29.g3 Nxe3
30.Qxe4 Nd5 31.Nf3 Qf6 32.Rb3 Ne6 33.Ne5 Ndf4 34.Kh2 Nxh3 35.Qxg6 Nxd4 36.Qxf6 gxf6
37.Rb2  1-0

[Event "EUCup Gr4"]
[Site "Berlin"]
[Date "1996.??.??"]
[Round "2"]
[White "Abramovic, Bosko"]
[Black "Tischbierek, Raj"]
[Result "0-1"]
[WhiteElo "2490"]
[BlackElo "2500"]

1.d4 d5 2.Nf3 Nf6 3.c4 c6 4.Nc3 e6 5.e3 Nbd7 6.Qc2 Bd6 7.Be2 O-O 8.O-O Qe7
9.h3 Re8 10.a3 e5 11.cxd5 Nxd5 12.Nxd5 cxd5 13.dxe5 Nxe5 14.Nd4 Nc6 15.Nxc6 bxc6
16.Qxc6 Bf5 17.Qxd5 Be4 18.Qh5 Rac8 19.f4 Rc2 20.Bf3 Bd3 21.Re1 Bxf4 22.Bd5 Bg3
23.Rd1 Be2  0-1

[Event "DVM U20"]
[Site "Berlin"]
[Date "1996.??.??"]
[Round "3"]
[White "Wilhelmi, Christian"]
[Black "Buhr, Carl Christian"]
[Result "1-0"]
[WhiteElo "2355"]
[BlackElo "2245"]

1.d4 Nf6 2.c4 e6 3.Nc3 d5 4.Nf3 c6 5.e3 Nbd7 6.Bd3 dxc4 7.Bxc4 b5 8.Be2 a6
9.e4 b4 10.e5 bxc3 11.exf6 cxb2 12.fxg7 Bxg7 13.Bxb2 Qa5+ 14.Nd2 Rb8 15.Qc2 Rg8
16.Bc3 Qg5 17.Bf3 c5 18.Ne4 Qe7 19.dxc5 Nxc5 20.Bxg7 Nxe4 21.Bxe4 Rxg7 22.O-O Bb7
23.Rab1 f5 24.Rxb7  1-0

[Event "Berliner Sommer"]
[Site "Berlin"]
[Date "1996.??.??"]
[Round "4"]
[White "Huster, Markus"]
[Black "Yagupov, Igor"]
[Result "0-1"]
[WhiteElo "2215"]
[BlackElo "2435"]

1.d4 d5 2.c4 c6 3.Nf3 Nf6 4.e3 e6 5.Nc3 Nbd7 6.Bd3 dxc4 7.Bxc4 b5 8.Bd3 a6
9.e4 c5 10.e5 cxd4 11.Nxb5 axb5 12.exf6 gxf6 13.Be4 Ra6 14.Nxd4 Rd6 15.f4 Nc5
16.Bc6+ Bd7 17.Bf3 e5 18.fxe5 fxe5 19.O-O Rxd4 20.Bh5 Be6 21.Qe2 Nd3 22.Be3 Bg7
23.Bxd4 Qxd4+ 24.Kh1 O-O 25.Rad1 e4 26.Rd2 Bxa2 27.Bg4 Bh6 28.Rc2 Qe3 29.Bf5 Qxe2
30.Rxe2 Nc5 31.b4 Bc4 32.bxc5 Bxe2 33.Re1 Rd8 34.c6 Bf4 35.g3 Bf3+  0-1

[Event "Berliner Sommer"]
[Site "Berlin"]
[Date "1996.??.??"]
[Round "5"]
[White "Kiselev, Sergey"]
[Black "Von Herman, Ulf"]
[Result "1-0"]
[WhiteElo "2545"]
[BlackElo "2390"]

1.d4 d5 2.c4 c6 3.Nf3 Nf6 4.Nc3 e6 5.e3 Nbd7 6.Qc2 Bd6 7.Be2 O-O 8.O-O dxc4
9.Bxc4 Qe7 10.a3 a6 11.Bd2 c5 12.Rae1 b5 13.Ba2 e5 14.Ng5 Bb7 15.Bd5 Nb6
16.Bxb7 Qxb7 17.Nce4 Nxe4 18.Nxe4 cxd4 19.Nxd6 Qd5 20.Nf5  1-0

[Event "Berliner Sommer"]
[Site "Berlin"]
[Date "1996.??.??"]
[Round "6"]
[White "Wilhelmi, Christian"]
[Black "Lipinsky, Markus"]
[Result "1-0"]
[WhiteElo "2355"]
[BlackElo "2165"]

1.Nf3 d5 2.c4 c6 3.d4 e6 4.e3 Nf6 5.Nc3 Nbd7 6.Bd3 dxc4 7.Bxc4 b5 8.Be2 a6
9.e4 Bb7 10.e5 b4 11.exf6 bxc3 12.fxg7 Bxg7 13.bxc3 c5 14.O-O Qf6 15.Qa4 cxd4
16.cxd4 Bxf3 17.Bxf3 Qxd4 18.Qc6 Rd8 19.Ba3 Qxa1 20.Qxe6+  1-0

[Event "Berliner Sommer"]
[Site "Berlin"]
[Date "1996.??.??"]
[Round "6"]
[White "Impris, Oleg"]
[Black "Kniest, Oliver"]
[Result "0-1"]
[WhiteElo "2365"]
[BlackElo "2170"]

1.d4 d5 2.c4 e6 3.Nf3 c6 4.e3 Nf6 5.Nc3 Nbd7 6.Bd3 dxc4 7.Bxc4 b5 8.Bd3 a6
9.e4 c5 10.Bc2 cxd4 11.Nxd4 Bb7 12.f3 Qb6 13.Nb3 Rc8 14.Qe2 Qc7 15.a3 Bd6
16.g3 h5 17.Be3 h4 18.g4 Bxa3 19.Rxa3 b4 20.Ra2 bxc3 21.O-O cxb2 22.Rxb2 O-O
23.Rfb1 Rb8 24.Ba7 Ra8 25.Bf2 h3 26.Nd4 Nc5 27.Qf1 g6 28.Qxh3 Kg7 29.Qg3 e5
30.Ne2 a5 31.Rb5 Nfd7 32.Nd4 Ba6 33.Nf5+ gxf5 34.gxf5+ Kh7 35.Qh4+ Kg7 36.Qg5+ Kh7
37.Qh5+ Kg7 38.Kh1 Rg8 39.Rg1+ Kf8 40.Qh6+ Ke7 41.Bh4+ f6 42.Qh7+ Kd6 43.Rd1+ Kc6
44.Rbb1 Be2 45.Bg3 Bxf3+ 46.Kg1 Bxd1 47.Qf7 Qa7 48.Qd5+ Kc7 49.Rxd1 Rxg3+
50.Kh1 Rh8 51.Ba4 Kc8 52.Rc1 Kd8 53.Bc6 Nd3  0-1

[Event "Berliner Sommer"]
[Site "Berlin"]
[Date "1996.??.??"]
[Round "6"]
[White "Akopian, Vladimir"]
[Black "Ruzele, Darius"]
[Result "1-0"]
[WhiteElo "2630"]
[BlackElo "2520"]

1.Nf3 Nf6 2.d4 d5 3.c4 e6 4.Nc3 c6 5.e3 Nbd7 6.Qc2 Bd6 7.g4 dxc4 8.Bxc4 b5
9.Be2 Bb7 10.e4 Nxg4 11.h3 Nh6 12.Rg1 e5 13.Be3 Qe7 14.O-O-O b4 15.Na4 exd4
16.Bg5 f6 17.Bxh6 gxh6 18.Nxd4 Bf4+ 19.Kb1 Qe5 20.Nxc6 Qe6 21.Bh5+ Kf8 22.Nc5  1-0

[Event "Berliner Sommer"]
[Site "Berlin"]
[Date "1996.??.??"]
[Round "8"]
[White "Grote, Dirk"]
[Black "Wolski, Thomas"]
[Result "1/2-1/2"]
[WhiteElo "2210"]
[BlackElo "2345"]

1.d4 d5 2.c4 c6 3.Nc3 e6 4.e3 Nf6 5.Nf3 Nbd7 6.Qc2 Bd6 7.Be2 O-O 8.O-O Re8
9.Rd1 Qe7 10.e4 Nxe4 11.Nxe4 dxe4 12.Qxe4 e5 13.dxe5 Nxe5 14.Nxe5 Qxe5 15.Qxe5 Bxe5
16.Bd3 Bd4 17.h3 c5 18.Rb1 Bd7 19.Bf4 Bc6 20.b3 Re6 21.Re1 Rae8 22.Rxe6 Rxe6
23.Kf1 g6 24.Rd1 Kg7 25.Rd2 a6 26.Rc2 h6 27.a3 f5 28.Bc1 Rd6 29.f3 Bf6 30.Be2 g5
31.Rd2 Rxd2 32.Bxd2 Bb2 33.a4 Kf6 34.Bd3 Ke5 35.Ke2 f4 36.Bg6 Kd4 37.Ba5 Ba3
38.Bc2 Bb4 39.Bd8 Ke5 40.Bg6 Ke6 41.Kd3 b5 42.axb5 axb5 43.Be4 Bd7 44.Bd5+  1/2-1/2

[Event "Berliner Sommer"]
[Site "Berlin"]
[Date "1996.??.??"]
[Round "9"]
[White "Kiselev, Sergey"]
[Black "Fridman, Daniel"]
[Result "1-0"]
[WhiteElo "2545"]
[BlackElo "2500"]

1.d4 d5 2.c4 c6 3.Nf3 Nf6 4.Nc3 e6 5.e3 Nbd7 6.Qc2 Bd6 7.Be2 O-O 8.O-O e5
9.cxd5 cxd5 10.Nb5 Bb8 11.dxe5 Nxe5 12.Bd2 Bg4 13.Nbd4 Nxf3+ 14.Bxf3 Be5
15.Bxg4 Nxg4 16.Nf3 Bf6 17.Rad1 Qb6 18.Bc1 Rfd8 19.b3 Rac8 20.Qe2 Qc7 21.h3 Ne5
22.Nd4 a6 23.Bb2 Nd7 24.Rc1 Qe5 25.Rc2 Rxc2 26.Qxc2 Qb8 27.Rc1 Nb6 28.Qc5 Qd6
29.Qa5 Rc8 30.Rxc8+ Nxc8 31.Nf5 Qd8 32.Qxd8+ Bxd8 33.Nxg7  1-0

[Event "Bermuda"]
[Site "Bermuda"]
[Date "1996.??.??"]
[Round "11"]
[White "Arnett, David A"]
[Black "Zamora, Jorge"]
[Result "1/2-1/2"]
[WhiteElo "2355"]
[BlackElo "2405"]

1.d4 Nf6 2.c4 e6 3.Nf3 d5 4.Nc3 c6 5.e3 Nbd7 6.Bd3 dxc4 7.Bxc4 b5 8.Bd3 Bb7
9.O-O a6 10.e4 c5 11.d5 c4 12.Bc2 Qc7 13.Qe2 Bd6 14.Bg5 O-O-O 15.Rfe1 Ne5
16.dxe6 fxe6 17.Nd4 Rhe8 18.Red1 Nd3 19.Bxd3 Bxh2+ 20.Kh1 Rxd4 21.Bxf6 gxf6
22.Qh5 Bc6 23.Be2 Be5 24.Bg4 Rxd1+ 25.Rxd1 Kb7 26.Qh3 Qe7 27.Nd5 exd5 28.exd5 Bxd5
29.Rxd5 Bd6 30.g3 Qe4+ 31.Qg2 Qxg2+ 32.Kxg2 Kc7 33.Rh5 Be5 34.Rxh7+ Kb6 35.b4 cxb3
36.axb3 a5 37.Bf3 a4 38.bxa4 bxa4 39.Rb7+ Kc5  1/2-1/2

[Event "Bern Cup"]
[Site "Bern"]
[Date "1996.??.??"]
[Round "3"]
[White "Zueger, Beat"]
[Black "Kharlov, Andrei"]
[Result "0-1"]
[WhiteElo "2465"]
[BlackElo "2575"]

1.c4 e6 2.Nc3 d5 3.d4 c6 4.e3 Nf6 5.Nf3 Nbd7 6.Qc2 Bd6 7.Be2 O-O 8.O-O Re8
9.Rd1 Qe7 10.a3 h6 11.h3 a6 12.b3 dxc4 13.bxc4 e5 14.c5 Bc7 15.a4 exd4 16.exd4 Nf8
17.Bf1 Be6 18.Re1 Qd7 19.Bd2 Ng6 20.Rad1 Bf5 21.Qb3 Ne4 22.Nxe4 Bxe4 23.Rxe4 Rxe4
24.Bd3 Re6 25.Bf5 Nf8 26.Bxe6 Nxe6 27.Be3 Rd8 28.Rb1 f6 29.Qc4 Re8 30.Kf1 Bb8
31.Qb3 Re7 32.Nh4 Rf7 33.Nf5 h5 34.Qd1 Ng5 35.Nh4 Nxh3 36.Qxh5 g5 37.Nf3 Qf5
38.Re1 Qd3+ 39.Re2 Ng1 40.Kxg1 Qxe2 41.Qg6+ Kf8 42.Qb1 Re7 43.d5 cxd5 44.c6 Bd6
45.Qa1 Kf7 46.Qb1 bxc6 47.Nxg5+ Kf8 48.Nf3 Rxe3 49.fxe3 Qxe3+ 50.Kf1 Bg3
51.Qb2 Qd3+  0-1

[Event "Bern op"]
[Site "Bern"]
[Date "1996.??.??"]
[Round "3"]
[White "Tukmakov, Vladimir B"]
[Black "Sylvan, Jacob"]
[Result "1/2-1/2"]
[WhiteElo "2595"]
[BlackElo "2265"]

1.d4 d5 2.c4 e6 3.Nc3 c6 4.e3 Nf6 5.Nf3 Nbd7 6.Bd3 dxc4 7.Bxc4 b5 8.Bd3 a6
9.e4 c5 10.d5 Bb7 11.dxe6 fxe6 12.O-O Qb6 13.e5 Nd5 14.Ng5 Nxe5 15.Re1 O-O-O
16.Rxe5 Nxc3 17.bxc3 Qc6 18.Qg4 h5 19.Qxe6+ Qxe6 20.Rxe6 Rxd3 21.Bf4 Bd5
22.Re8+ Kd7 23.Rb8 Rg8 24.Rb6 c4 25.Rxa6 Bc5 26.Nf3 Bxf3 27.gxf3 Rf8 28.Bg3 Rxc3
29.Rg6 Rcxf3 30.Rd1+ Rd3 31.Rxg7+ Kc6 32.Rg6+ Kd5 33.Rg5+ Kc6 34.Rg6+ Kd5
35.Rg5+ Kc6  1/2-1/2

[Event "Bern op"]
[Site "Bern"]
[Date "1996.??.??"]
[Round "4"]
[White "Teske, Henrik"]
[Black "Mueller, M."]
[Result "1/2-1/2"]
[WhiteElo "2510"]
[BlackElo "2345"]

1.c4 e6 2.Nc3 d5 3.d4 c6 4.Nf3 Nf6 5.e3 Nbd7 6.Qc2 Bd6 7.Be2 O-O 8.O-O dxc4
9.Bxc4 Qe7 10.Bd2 a6 11.a3 c5 12.Ba2 b6 13.d5 exd5 14.Nxd5 Nxd5 15.Bxd5 Ra7
16.Bc3 Ne5 17.Rad1 Bg4 18.Bxe5 Bxe5 19.Rd2 Bxf3 20.Bxf3 Rd8 21.Rfd1 Rad7
22.Bd5 Rd6 23.g3 g6 24.b4 cxb4 25.axb4 R6d7 26.e4 Kg7 27.Qa4 Bc3 28.Rd3 Qxb4
29.Qxa6 Rc7 30.Kg2 Qa5 31.Qxa5 bxa5 32.Rc1 Rdc8 33.Rf3 Bf6 34.Re1 Be5 35.Re2 f6
36.Ra3 Rc5 37.Rea2 Bc3 38.h4 Bb4 39.Re3 Rc2 40.e5 fxe5 41.Rxe5 Rxa2 42.Bxa2 Rc2
43.Bb3 Rb2 44.Bd1 Rd2 45.Ba4 Ra2 46.Be8 Kf6 47.Re4 Bc5 48.Rf4+ Ke7 49.Bb5 Rb2
50.Bc4 a4 51.Rf7+ Ke8 52.Rxh7 Rxf2+ 53.Kh3 a3 54.Rg7 a2 55.Bxa2 Rxa2 56.Rxg6 Kf7
57.Rc6 Bd4  1/2-1/2

[Event "Bern Cup"]
[Site "Bern"]
[Date "1996.??.??"]
[Round "4"]
[White "Epishin, Vladimir"]
[Black "Zvjaginsev, Vadim"]
[Result "1/2-1/2"]
[WhiteElo "2645"]
[BlackElo "2585"]

1.d4 Nf6 2.c4 e6 3.Nf3 d5 4.Nc3 c6 5.e3 Nbd7 6.Qc2 Bd6 7.Be2 O-O 8.O-O Qe7
9.Rd1 dxc4 10.Bxc4 e5 11.e4 exd4 12.Nxd4 Nb6 13.Be2 Re8 14.Bf3 Nbd5 15.Nde2 Nxc3
16.Nxc3 Bc7 17.Be3 Bg4 18.Ne2 Bb6  1/2-1/2